000 00496nam a2200181Ia 4500
005 20250423101059.0
008 250422s9999 xx 000 0 und d
020 _a9780893753696
050 _aPZ 7 .P64/
100 _aPoe, Edgar Allan
245 0 _aTales of mystery and horror
260 _aUK
260 _bWatermill Press
260 _c1980
300 _a132 p
650 _aHorror tales, American. Detective and mystery stories, American Mystery and detective stories
942 _cBK
999 _c35226
_d35226